Ungaretti Poesie
Uloženo v:
| Hlavní autor: | |
|---|---|
| Médium: | Kniha |
| Jazyk: | neznámý jazyk |
| Vydáno: |
Grandi Tascabili Newton
|
| Tagy: |
Žádné tagy, Buďte první, kdo vytvoří štítek k tomuto záznamu!
|
MARC
| LEADER | 00000nam a2200000Ia 4500 | ||
|---|---|---|---|
| 001 | R-131 | ||
| 003 | CODICE-MESSINA | ||
| 005 | 20260212102447.0 | ||
| 008 | 260211s9999 xx 000 0 und d | ||
| 040 | |c importazione_messina | ||
| 100 | |a Leone Piccioni | ||
| 245 | 0 | |a Ungaretti | |
| 245 | 0 | |b Poesie | |
| 260 | |b Grandi Tascabili Newton | ||
| 942 | |2 ddc |c BK | ||
| 952 | |0 0 |1 0 |2 ddc |4 0 |6 SCAFFALE_2_000000000000000__ARTE |7 0 |9 30952 |a ME |b ME |d 2026-02-11 |l 0 |o SCAFFALE 2 - ARTE |p R-131 |r 2026-02-11 23:52:14 |w 2026-02-11 |x [REVISIONARE] |y BK | ||
| 999 | |c 26614 |d 26614 | ||